| 000 | 00656nmc a2200277 a 4500 | ||
|---|---|---|---|
| 003 | AR-BaBNM | ||
| 005 | 20251128203234.0 | ||
| 008 | 267019s1970 ||||||||||||||000 | spa|| | ||
| 040 | _cAR-BaBNM | ||
| 100 | 1 |
_aCortázar, Julio _d1914-1984 |
|
| 245 | 1 | 0 | _aLos reyes |
| 250 | _a2ª ed. | ||
| 260 |
_aBuenos Aires _bSudamericana _c1970 |
||
| 300 | 0 | _a75 p. | |
| 490 | 0 | _aIndice | |
| 650 | 4 | _aLITERATURA ARGENTINA | |
| 650 | 4 | _aTEATRO | |
| 650 | 4 | _aMITOLOGIA | |
| 650 | 4 | _aTRAGEDIA | |
| 650 | 4 | _aESCRITORES | |
| 650 | 4 | _aLITERATURA CONTEMPORANEA | |
| 653 | _aINFLUENCIA GRECOLATINA | ||
| 655 | _aLITERATURA | ||
| 942 | _cBK | ||
| 998 | _cMARTIN | ||
| 999 |
_c2530 _d2530 |
||